[Event "Aragon-chT Honor GrA"]
[Site "Aragon"]
[Date "2017.03.11"]
[Round "7.7"]
[White "Arregui Untoria, Carlos"]
[Black "Cobo Garrido, Diego Israel"]
[Result "1/2-1/2"]
[WhiteElo "2075"]
[BlackElo "2070"]
[PlyCount "53"]
[EventDate "2017.01.28"]
[EventType "team-tourn"]
[EventRounds "7"]
[EventCountry "ESP"]
[SourceTitle "EXT 2018"]
[Source "ChessBase"]
[SourceDate "2017.10.13"]
[SourceVersion "1"]
[SourceVersionDate "2017.10.13"]
[SourceQuality "1"]
[WhiteTeam "St Casablanca II"]
[BlackTeam "Aragon ONCE"]
[WhiteTeamCountry "ESP"]
[BlackTeamCountry "ESP"]

1. d4 d5 2. c4 e6 3. Nf3 Nf6 4. g3 Be7 5. Bg2 0-0 6. 0-0 dxc4 7. Qc2 a6 8. a4 Bd7 9. Nc3 Nc6 10. Rd1 Nb4 11. Qb1 Bc6 12. Ne5 Bxg2 13. Kxg2 b5 14. e4 c5 15. axb5 cxd4 16. Bf4 axb5 17. Nxb5 Rxa1 18. Qxa1 d3 19. f3 Qb6 20. Na3 Rd8 21. Naxc4 Qb7 22. Qa4 Nxe4 23. fxe4 Qxe4+ 24. Kh3 f6 25. Qa7 Qe2 26. Qxe7 Qh5+ 27. Kg2 1/2-1/2

[Event "Zaragoza Casablanca op 7th"]
[Site "Zaragoza"]
[Date "2013.12.28"]
[Round "5"]
[White "Antoli Royo, Joaquin Miguel"]
[Black "Arregui Untoria, Carlos"]
[Result "1-0"]
[WhiteElo "2405"]
[BlackElo "2081"]
[PlyCount "55"]
[EventDate "2013.12.26"]
[EventType "swiss"]
[EventRounds "9"]
[EventCountry "ESP"]
[SourceTitle "EXT 2015"]
[Source "ChessBase"]
[SourceDate "2014.11.20"]
[SourceVersion "1"]
[SourceVersionDate "2014.11.20"]
[SourceQuality "1"]

1. e4 c5 2. Nf3 d6 3. d4 Nf6 4. Nc3 cxd4 5. Nxd4 a6 6. Be3 e5 7. Nb3 Be7 8. h3 h5 9. f4 b5 10. Qf3 Bb7 11. 0-0-0 Nbd7 12. Kb1 Rc8 13. Nd5 Bxd5 14. exd5 Qc7 15. Bd3 h4 16. Rhe1 Rh5 17. Bd2 Kf8 18. Qe2 Nb6 19. Ba5 Qb7 20. fxe5 Rxe5 21. Qf2 Rxe1 22. Rxe1 Nfd7 23. Nd4 Bf6 24. Nf5 Qb8 25. Qf4 Ne5 26. Bb4 Rd8 27. Rxe5 Bxe5 28. Qxe5 1-0

[Event "Zaragoza Casablanca op 7th"]
[Site "Zaragoza"]
[Date "2013.12.27"]
[Round "2"]
[White "Arregui Untoria, Carlos"]
[Black "Paunovic, Dragan"]
[Result "0-1"]
[WhiteElo "2081"]
[BlackElo "2500"]
[PlyCount "82"]
[EventDate "2013.12.26"]
[EventType "swiss"]
[EventRounds "9"]
[EventCountry "ESP"]
[SourceTitle "EXT 2015"]
[Source "ChessBase"]
[SourceDate "2014.11.20"]
[SourceVersion "1"]
[SourceVersionDate "2014.11.20"]
[SourceQuality "1"]

1. d4 d6 2. c4 e5 3. Nf3 Nd7 4. Nc3 Ngf6 5. g3 g6 6. Bg2 Bg7 7. 0-0 0-0 8. b3 Re8 9. e3 c6 10. d5 cxd5 11. cxd5 Nc5 12. b4 Na6 13. a3 Bf5 14. Bb2 Qd7 15. Rc1 Rec8 16. Qb3 Nc7 17. Nd2 h5 18. a4 h4 19. b5 Nce8 20. Ba3 Bh6 21. Ne2 Bh3 22. f4 Bxg2 23. Kxg2 h3+ 24. Kg1 Rxc1 25. Nxc1 exf4 26. exf4 Qf5 27. Qf3 Rc8 28. Rd1 Qxd5 29. Qxd5 Nxd5 30. Ne4 Ne3 31. Rd3 Nc4 32. Ne2 d5 33. Nf2 Nxa3 34. Rxa3 Bf8 35. Rd3 Nf6 36. Nxh3 Rc4 37. a5 Rb4 38. a6 Rxb5 39. axb7 Rxb7 40. g4 Nxg4 41. Rxd5 Rb1+ 0-1

[Event "Aragon-chT Honor GrB "]
[Site "Aragon"]
[Date "2012.03.10"]
[Round "6.19"]
[White "Fontana Sotomayour, Luis Javier"]
[Black "Arregui Untoria, Carlos"]
[Result "1/2-1/2"]
[WhiteElo "2345"]
[BlackElo "2080"]
[PlyCount "84"]
[EventDate "2012.02.04"]
[EventType "team-tourn"]
[EventRounds "7"]
[EventCountry "ESP"]
[SourceTitle "EXT 2014"]
[Source "ChessBase"]
[SourceDate "2013.11.20"]
[SourceVersion "1"]
[SourceVersionDate "2013.11.20"]
[SourceQuality "1"]
[WhiteTeam "Jaime Casas"]
[BlackTeam "St Casablanca II"]
[WhiteTeamCountry "ESP"]
[BlackTeamCountry "ESP"]

1. d4 Nf6 2. Nf3 e6 3. e3 c5 4. Bd3 Nc6 5. c3 Be7 6. Nbd2 Qc7 7. 0-0 d5 8. Qe2 0-0 9. dxc5 e5 10. e4 Bxc5 11. exd5 Nxd5 12. Bxh7+ Kh8 13. Ne4 Be7 14. Rd1 Nf4 15. Bxf4 exf4 16. Nfg5 g6 17. Qc4 Bf5 18. Rd5 Bxg5 19. Rxf5 gxf5 20. Nxg5 Qe7 21. Qxf4 f6 22. Ne6 Qxe6 23. Bxf5 Qe7 24. Qh6+ Kg8 25. Be6+ Rf7 26. Qg6+ Kf8 27. Qh6+ Ke8 28. Bxf7+ Qxf7 29. Re1+ Kd7 30. Qd2+ Kc7 31. Qf4+ Kb6 32. Qe3+ Ka6 33. Qd3+ Ka5 34. b4+ Kb6 35. Qe3+ Kc7 36. b5 Ne5 37. Qc5+ Kd7 38. f4 Ng6 39. Qf5+ Kc7 40. Qc5+ Kd7 41. Qf5+ Kc7 42. Qc5+ Kd7 1/2-1/2

[Event "Zaragoza Casablanca op 5th"]
[Site "Zaragoza"]
[Date "2011.12.30"]
[Round "8"]
[White "Chueca Forcen, Alberto"]
[Black "Arregui Untoria, Carlos"]
[Result "1-0"]
[WhiteElo "2350"]
[BlackElo "2080"]
[PlyCount "51"]
[EventDate "2011.12.23"]
[EventType "swiss"]
[EventRounds "9"]
[EventCountry "ESP"]
[SourceTitle "CBM 146 Extra"]
[Source "ChessBase"]
[SourceDate "2012.02.29"]
[SourceVersion "1"]
[SourceVersionDate "2012.02.29"]
[SourceQuality "1"]

1. d4 d5 2. Nf3 c6 3. Bf4 Nf6 4. e3 Bf5 5. c4 e6 6. Qb3 Qb6 7. c5 Qxb3 8. axb3 Nbd7 9. b4 Nh5 10. Bg5 h6 11. Bh4 g5 12. Bg3 Nxg3 13. hxg3 Bg7 14. Nc3 e5 15. dxe5 Nxe5 16. Nd4 Nd3+ 17. Bxd3 Bxd3 18. Kd2 Bxd4 19. exd4 Bf5 20. b5 Kd7 21. Ra3 a6 22. Na4 Kc7 23. Nb6 Rae8 24. bxa6 bxa6 25. Rxa6 Bc8 26. Nxc8 1-0

[Event "Zaragoza Casablanca op 4th"]
[Site "Zaragoza"]
[Date "2010.12.24"]
[Round "2.1"]
[White "Arregui Untoria, Carlos"]
[Black "Cifuentes Parada, Roberto"]
[Result "0-1"]
[WhiteElo "2038"]
[BlackElo "2508"]
[PlyCount "36"]
[EventDate "2010.12.23"]
[EventType "swiss"]
[EventRounds "9"]
[EventCountry "ESP"]
[SourceTitle "CBM 140 Extra"]
[Source "ChessBase"]
[SourceDate "2011.03.01"]
[SourceVersion "1"]
[SourceVersionDate "2011.03.01"]
[SourceQuality "1"]

1. d4 d5 2. c4 c6 3. cxd5 cxd5 4. Nc3 Nf6 5. Bf4 Nc6 6. Nf3 Ne4 7. e3 Nxc3 8. bxc3 e6 9. c4 Bb4+ 10. Nd2 0-0 11. Bd3 Qa5 12. Qc2 dxc4 13. Bxc4 Bd7 14. a3 Rac8 15. Ra2 Be7 16. Qb3 b5 17. Be2 e5 18. Bxe5 Nxe5 0-1

[Event "Aragon-chT Preferente"]
[Site "Spain"]
[Date "2010.03.27"]
[Round "10.12"]
[White "Antoli Royo, Joaquin Miguel"]
[Black "Arregui Untoria, Carlos"]
[Result "1-0"]
[WhiteElo "2334"]
[BlackElo "2039"]
[PlyCount "55"]
[EventDate "2010.01.23"]
[EventType "team-swiss"]
[EventRounds "12"]
[EventCountry "ESP"]
[SourceTitle "EXT 2013"]
[Source "ChessBase"]
[SourceDate "2012.11.22"]
[SourceVersion "1"]
[SourceVersionDate "2012.11.22"]
[SourceQuality "1"]
[WhiteTeam "Jaime Casas"]
[BlackTeam "St Casablanca II"]
[WhiteTeamCountry "ESP"]
[BlackTeamCountry "ESP"]

1. e4 c5 2. Nf3 d6 3. c3 Nf6 4. Be2 Nc6 5. d4 cxd4 6. cxd4 Nxe4 7. d5 Qa5+ 8. Nc3 Nxc3 9. bxc3 Ne5 10. 0-0 g6 11. Nxe5 dxe5 12. Rb1 Bg7 13. d6 a6 14. dxe7 Kxe7 15. Qb3 Rd8 16. Bc4 b5 17. Bxf7 Bf5 18. Ba3+ Kf6 19. Rbe1 Bf8 20. Bb2 Bd6 21. f4 e4 22. Bd5 Qa4 23. c4+ Ke7 24. Qc3 Kd7 25. Qg7+ Be7 26. Bf6 Qa3 27. Bxe4 Qc5+ 28. Kh1 1-0

[Event "Aragon-chT Preferente"]
[Site "Spain"]
[Date "2010.03.13"]
[Round "8.28"]
[White "Arregui Untoria, Carlos"]
[Black "Carraminana Lopez, Luis Antonio"]
[Result "1-0"]
[WhiteElo "2039"]
[BlackElo "1986"]
[PlyCount "89"]
[EventDate "2010.01.23"]
[EventType "team-swiss"]
[EventRounds "12"]
[EventCountry "ESP"]
[SourceTitle "EXT 2013"]
[Source "ChessBase"]
[SourceDate "2012.11.22"]
[SourceVersion "1"]
[SourceVersionDate "2012.11.22"]
[SourceQuality "1"]
[WhiteTeam "St Casablanca II"]
[BlackTeam "Caissa Hermanos Cortes"]
[WhiteTeamCountry "ESP"]
[BlackTeamCountry "ESP"]

1. d4 Nf6 2. c4 c5 3. d5 e5 4. Nc3 d6 5. e4 Be7 6. f3 Nh5 7. Nge2 Bg5 8. g3 0-0 9. Bxg5 Qxg5 10. Qc1 Qe7 11. Qe3 Na6 12. a3 Nc7 13. Nc1 f5 14. exf5 Bxf5 15. Ne4 Bxe4 16. fxe4 Rf6 17. Be2 Qf7 18. Qg5 Rh6 19. Rf1 Nf6 20. Rf2 Qd7 21. Qe3 Ng4 22. Bxg4 Qxg4 23. a4 Rf8 24. Nd3 Na6 25. Kd2 Rxf2+ 26. Nxf2 Qh5 27. h3 Rf6 28. Ng4 Rf8 29. Rh1 Qf7 30. Ke2 Nb4 31. Rc1 Qh5 32. b3 Qxh3 33. Nf2 Qg2 34. g4 Rf4 35. g5 Qxg5 36. Qh3 h6 37. Rc3 Qf6 38. Qg2 Qf7 39. Rg3 Nc2 40. Ng4 Nd4+ 41. Ke1 Nf3+ 42. Rxf3 Rxe4+ 43. Kd2 Rd4+ 44. Kc3 Qh5 45. Nf6+ 1-0

[Event "Aragon-chT Preferente"]
[Site "Spain"]
[Date "2010.02.13"]
[Round "4.24"]
[White "Mombiela de Sus, Jose Luis"]
[Black "Arregui Untoria, Carlos"]
[Result "1-0"]
[WhiteElo "1933"]
[BlackElo "2039"]
[PlyCount "117"]
[EventDate "2010.01.23"]
[EventType "team-swiss"]
[EventRounds "12"]
[EventCountry "ESP"]
[SourceTitle "EXT 2013"]
[Source "ChessBase"]
[SourceDate "2012.11.22"]
[SourceVersion "1"]
[SourceVersionDate "2012.11.22"]
[SourceQuality "1"]
[WhiteTeam "Las Fuentes"]
[BlackTeam "St Casablanca II"]
[WhiteTeamCountry "ESP"]
[BlackTeamCountry "ESP"]

1. b4 e6 2. Bb2 Nf6 3. a3 b6 4. e3 Bb7 5. Nf3 c5 6. b5 d5 7. Be2 Bd6 8. d3 0-0 9. Nbd2 Nbd7 10. c4 Qc7 11. 0-0 Rad8 12. h3 Ne5 13. Bxe5 Bxe5 14. Nxe5 Qxe5 15. a4 dxc4 16. Nxc4 Qg5 17. g3 Ne4 18. Qe1 Nd6 19. Qc3 Qd5 20. f3 Nf5 21. Kf2 f6 22. a5 Ra8 23. Rg1 Nd6 24. e4 Nxb5 25. exd5 Nxc3 26. axb6 axb6 27. Nxb6 Rxa1 28. Rxa1 exd5 29. Ra7 Re8 30. Bf1 Bc6 31. Rc7 Re6 32. f4 d4 33. Nc4 Nd5 34. Rc8+ Kf7 35. f5 Re8 36. Rxc6 Ra8 37. Re6 h5 38. Re2 h4 39. g4 Nf4 40. Rc2 Ke7 41. Kf3 Nd5 42. Rb2 Nb4 43. Ke2 Ra1 44. Bg2 Rg1 45. Kf2 Rd1 46. Ke2 Rg1 47. Be4 Rg3 48. Rb1 Rxh3 49. Rh1 Rxh1 50. Bxh1 Kf7 51. Nd6+ Kg8 52. Ne4 Na6 53. Kd2 Kf7 54. Kc1 g5 55. Kb2 Ke7 56. Kb3 Nc7 57. Kc4 Ne8 58. Kxc5 Kd7 59. Kxd4 1-0

[Event "La Roda op 36th"]
[Site "La Roda"]
[Date "2009.04.11"]
[Round "7"]
[White "Arregui Untoria, Carlos"]
[Black "Granero Roca, Antonio"]
[Result "0-1"]
[WhiteElo "1984"]
[BlackElo "2393"]
[PlyCount "48"]
[EventDate "2009.04.08"]
[EventType "swiss"]
[EventRounds "9"]
[EventCountry "ESP"]
[SourceTitle "CBM 129 Extra"]
[Source "ChessBase"]
[SourceDate "2009.05.05"]
[SourceVersion "2"]
[SourceVersionDate "2009.05.20"]
[SourceQuality "1"]

1. d4 Nf6 2. c4 c5 3. d5 b5 4. cxb5 a6 5. bxa6 g6 6. Nc3 Bxa6 7. e4 Bxf1 8. Kxf1 d6 9. g3 Bg7 10. Kg2 Nbd7 11. Nge2 Qa5 12. Be3 Ng4 13. Bf4 0-0 14. Nc1 Nge5 15. Qe2 Rfb8 16. Bxe5 Nxe5 17. f4 Nc4 18. Nb3 Qb4 19. e5 dxe5 20. Ne4 exf4 21. Ng5 Ne3+ 22. Kh3 c4 23. gxf4 Nxd5 24. Qe4 Nf6 0-1

[Event "Aragon-chT"]
[Site "Aragon"]
[Date "2009.03.28"]
[Round "9"]
[White "Arregui Untoria, Carlos"]
[Black "Garcia Andres, Daniel"]
[Result "1/2-1/2"]
[WhiteElo "2003"]
[BlackElo "2039"]
[PlyCount "141"]
[EventDate "2009.01.24"]
[EventType "team-swiss"]
[EventRounds "9"]
[EventCountry "ESP"]
[SourceTitle "EXT 2011"]
[Source "ChessBase"]
[SourceDate "2010.11.26"]
[SourceVersion "1"]
[SourceVersionDate "2010.11.26"]
[SourceQuality "1"]

1. d4 c5 2. d5 e5 3. c4 d6 4. Nc3 g6 5. e4 Bh6 6. Bxh6 Nxh6 7. Qd2 Ng8 8. a3 Qb6 9. Nge2 Nf6 10. Nc1 0-0 11. Nd3 a5 12. Be2 Kg7 13. 0-0 Nbd7 14. f4 Qd8 15. g4 Nb6 16. fxe5 Nxg4 17. Bxg4 Bxg4 18. b3 dxe5 19. Nxe5 h5 20. Qf4 Qe7 21. a4 Bd7 22. Nd3 g5 23. Qe3 f5 24. e5 f4 25. Qxc5 Qxc5+ 26. Nxc5 Bh3 27. Rf2 Rab8 28. N3e4 Kg6 29. Rd2 Rf5 30. Nf2 Bg4 31. Nxg4 hxg4 32. Re1 Re8 33. e6 Re7 34. d6 Re8 35. d7 Nxd7 36. Nxd7 f3 37. Kf2 Rh8 38. e7 Rxh2+ 39. Ke3 Rh8 40. Rg1 Re8 41. Rxg4 f2 42. Ne5+ Kh5 43. Rxf2 Rxe5+ 44. Re4 Rxe4+ 45. Kxe4 Rxe7+ 46. Kd4 g4 47. Rf5+ Kg6 48. Rf1 b6 49. c5 bxc5+ 50. Kxc5 Rb7 51. Kc4 Kg5 52. Rf8 g3 53. Rg8+ Kf4 54. Rf8+ Ke3 55. Re8+ Kf2 56. Rf8+ Ke2 57. Re8+ Kd2 58. Rg8 Rb4+ 59. Kc5 Rxb3 60. Kc4 Rb4+ 61. Kc5 Rb3 62. Kc4 Rf3 63. Kb5 Ke3 64. Kxa5 Kf2 65. Ka6 g2 66. Rxg2+ Kxg2 67. a5 Ra3 68. Kb6 Kf3 69. a6 Ke4 70. a7 Kd5 71. Kb7 1/2-1/2

[Event "Benasque op 28th"]
[Site "Benasque"]
[Date "2008.07.03"]
[Round "1"]
[White "Arregui Untoria, Carlos"]
[Black "Rodshtein, Maxim"]
[Result "0-1"]
[WhiteElo "2012"]
[BlackElo "2605"]
[PlyCount "40"]
[EventDate "2008.07.03"]
[EventType "swiss"]
[EventRounds "10"]
[EventCountry "ESP"]
[SourceTitle "CBM 125 Extra"]
[Source "ChessBase"]
[SourceDate "2008.09.01"]
[SourceVersion "1"]
[SourceVersionDate "2008.09.01"]
[SourceQuality "1"]

1. d4 Nf6 2. c4 g6 3. f3 Nc6 4. e4 e5 5. d5 Nd4 6. Be3 c5 7. Nc3 Bg7 8. Nge2 0-0 9. Qd2 d6 10. Nc1 a6 11. a3 Bd7 12. b4 b6 13. Rb1 Nh5 14. Be2 Nf4 15. Bd1 f5 16. Nd3 g5 17. exf5 Nxf5 18. 0-0 Nxe3 19. Qxe3 e4 20. Qxe4 Bxc3 0-1

[Event "ESP-chT U16"]
[Site "Aviles"]
[Date "2008.06.26"]
[Round "2.2"]
[White "Arregui Untoria, Carlos"]
[Black "Gonzalez Laso, Adrian"]
[Result "0-1"]
[WhiteElo "1948"]
[BlackElo "1880"]
[PlyCount "60"]
[EventDate "2008.06.25"]
[EventType "team-swiss"]
[EventRounds "6"]
[EventCountry "ESP"]
[SourceTitle "EXT 2010"]
[Source "ChessBase"]
[SourceDate "2010.11.25"]
[SourceVersion "1"]
[SourceVersionDate "2010.11.25"]
[SourceQuality "1"]

1. e4 e6 2. d4 d5 3. e5 c5 4. c3 Nc6 5. Nf3 Qb6 6. a3 f6 7. b4 fxe5 8. Nxe5 Nxe5 9. dxe5 Bd7 10. Be3 Nh6 11. Bd3 0-0-0 12. f4 Bb5 13. a4 Bxd3 14. Qxd3 d4 15. a5 Qc6 16. cxd4 cxd4 17. Bf2 Bxb4+ 18. Nd2 Qc3 19. Qxc3+ dxc3 20. Nb3 Rd5 21. 0-0 Kb8 22. Ra4 Be7 23. Rc4 Rc8 24. Rxc8+ Kxc8 25. Bxa7 Rb5 26. Nd4 Rxa5 27. Bb6 Ra6 28. Rb1 Rxb6 29. Rxb6 Bc5 30. Rd6 c2 0-1

[Event "Aragon-chT"]
[Site "Aragon"]
[Date "2008.03.01"]
[Round "5"]
[White "Arregui Untoria, Carlos"]
[Black "Avellanas Pau, Miguel Angel"]
[Result "1-0"]
[WhiteElo "1925"]
[BlackElo "1934"]
[PlyCount "57"]
[EventDate "2008.02.02"]
[EventType "team-swiss"]
[EventRounds "12"]
[EventCountry "ESP"]
[SourceTitle "EXT 2011"]
[Source "ChessBase"]
[SourceDate "2010.11.26"]
[SourceVersion "1"]
[SourceVersionDate "2010.11.26"]
[SourceQuality "1"]

1. d4 d5 2. c4 e6 3. g3 c6 4. Bg2 Nf6 5. Nf3 Nbd7 6. 0-0 Bd6 7. Qc2 0-0 8. b3 Re8 9. Nc3 Qe7 10. e4 dxe4 11. Nxe4 Nxe4 12. Qxe4 Nf6 13. Qc2 c5 14. Ba3 Qc7 15. Rfe1 cxd4 16. Bxd6 Qxd6 17. c5 Qc7 18. Nxd4 Bd7 19. a4 Rac8 20. b4 a6 21. Rad1 Red8 22. f4 Bc6 23. Nxc6 bxc6 24. Qc4 a5 25. b5 cxb5 26. axb5 g6 27. b6 Rxd1 28. Rxd1 Qe7 29. c6 1-0

[Event "Aragon-chT Autonomico"]
[Site "Aragon"]
[Date "2007.03.10"]
[Round "7"]
[White "Arregui Untoria, Carlos"]
[Black "Serrano San Nicolas, Angel"]
[Result "1/2-1/2"]
[WhiteElo "1827"]
[BlackElo "1805"]
[PlyCount "145"]
[EventDate "2007.01.27"]
[EventType "team"]
[EventRounds "9"]
[EventCountry "ESP"]
[SourceTitle "EXT 2008"]
[Source "ChessBase"]
[SourceDate "2007.11.25"]
[SourceVersion "1"]
[SourceVersionDate "2007.11.25"]
[SourceQuality "1"]
[WhiteTeam "St Casablanca V"]
[BlackTeam "Aragon UGT"]
[WhiteTeamCountry "ESP"]
[BlackTeamCountry "ESP"]

1. e4 d5 2. exd5 Qxd5 3. Nc3 Qa5 4. Bc4 Nf6 5. Nf3 Bg4 6. d3 e6 7. Bd2 Qh5 8. Qe2 Nc6 9. Bb5 Bb4 10. 0-0-0 0-0 11. Bxc6 bxc6 12. h3 Bxf3 13. gxf3 Qa5 14. Rdg1 Rfb8 15. Bh6 g6 16. Rg5 Nd5 17. Rxd5 cxd5 18. Qe5 Bf8 19. Bxf8 Kxf8 20. Ne4 h6 21. Nf6 Qb5 22. Re1 g5 23. Nh5 Qb4 24. Qg7+ Ke7 25. Qf6+ Kd6 26. Qe5+ Kc6 27. Nf6 Qf4+ 28. Qxf4 gxf4 29. Nh5 Rb4 30. a3 Ra4 31. Rg1 Rh8 32. Rg7 f5 33. Kd2 Kd6 34. Kc3 Rb8 35. Rg6 c5 36. b3 Rxa3 37. Kb2 Ra6 38. Nxf4 Ke5 39. Nh5 Rh8 40. f4+ Kd6 41. Ng7 Ke7 42. Nxf5+ Kf7 43. Nh4 Rb6 44. Kc3 e5 45. Rxb6 axb6 46. fxe5 Ke6 47. d4 Rf8 48. dxc5 bxc5 49. f3 Rf4 50. Ng6 Rxf3+ 51. Kd2 Rg3 52. Nf4+ Kxe5 53. Nd3+ Kd6 54. Nf2 Rg2 55. Ke3 Rg1 56. Kd2 Kc6 57. Ke2 Kb5 58. Ng4 h5 59. Ne3 Kc6 60. Kf2 Rg8 61. Kf3 h4 62. Nf5 Rf8 63. Kg4 Rxf5 64. Kxf5 d4 65. Ke5 Kb5 66. Ke4 Ka5 67. Ke5 Kb5 68. Ke4 Kc6 69. Ke5 Kb6 70. Kd5 Kb5 71. Ke4 Kc6 72. Ke5 Kb5 73. Ke4 1/2-1/2

[Event "Aragon-chT Autonomico"]
[Site "Aragon"]
[Date "2007.03.03"]
[Round "6"]
[White "Andreu Sin, Raul"]
[Black "Arregui Untoria, Carlos"]
[Result "1-0"]
[WhiteElo "2041"]
[BlackElo "1827"]
[PlyCount "57"]
[EventDate "2007.01.27"]
[EventType "team"]
[EventRounds "9"]
[EventCountry "ESP"]
[SourceTitle "EXT 2008"]
[Source "ChessBase"]
[SourceDate "2007.11.25"]
[SourceVersion "1"]
[SourceVersionDate "2007.11.25"]
[SourceQuality "1"]
[WhiteTeam "Barbastro"]
[BlackTeam "St Casablanca V"]
[WhiteTeamCountry "ESP"]
[BlackTeamCountry "ESP"]

1. c4 Nf6 2. Nc3 e6 3. g3 d5 4. cxd5 exd5 5. d4 Bf5 6. Bg2 c6 7. Nf3 Bd6 8. 0-0 0-0 9. Nh4 Bg6 10. f3 c5 11. Be3 Re8 12. Bf2 Na6 13. a3 Rc8 14. Re1 cxd4 15. Bxd4 Bc5 16. Nxg6 hxg6 17. Kh1 Bxd4 18. Qxd4 b6 19. Rad1 Rc4 20. Qd2 d4 21. Nb5 Nd5 22. e4 Ndc7 23. Bf1 Rc6 24. Qxd4 Qg5 25. Nxa7 Rc2 26. Bxa6 Nxa6 27. Qa4 Rxb2 28. Qxe8+ Kh7 29. Rd8 1-0

[Event "Aragon-chT Autonomico"]
[Site "Aragon"]
[Date "2007.02.24"]
[Round "5"]
[White "Arregui Untoria, Carlos"]
[Black "Lopez Capape, Armando"]
[Result "1-0"]
[WhiteElo "1827"]
[BlackElo "1900"]
[PlyCount "63"]
[EventDate "2007.01.27"]
[EventType "team"]
[EventRounds "9"]
[EventCountry "ESP"]
[SourceTitle "EXT 2008"]
[Source "ChessBase"]
[SourceDate "2007.11.25"]
[SourceVersion "1"]
[SourceVersionDate "2007.11.25"]
[SourceQuality "1"]
[WhiteTeam "St Casablanca V"]
[BlackTeam "Ramiro"]
[WhiteTeamCountry "ESP"]
[BlackTeamCountry "ESP"]

1. e4 c5 2. Nc3 Nc6 3. g3 g6 4. Bg2 Bg7 5. d3 e6 6. f4 Nge7 7. Nf3 0-0 8. 0-0 b6 9. g4 f5 10. gxf5 exf5 11. e5 d6 12. d4 cxd4 13. Nxd4 Bd7 14. Nxc6 Nxc6 15. Qxd6 Qe8 16. Bd5+ Kh8 17. e6 Bd4+ 18. Kh1 Rd8 19. exd7 Rxd7 20. Qxc6 Rf6 21. Qc4 Rxd5 22. Qxd5 Bc5 23. Bd2 Rd6 24. Qe5+ Qxe5 25. fxe5 Rxd2 26. Rad1 Rxc2 27. Rd8+ Kg7 28. Rd7+ Kf8 29. Rxh7 a5 30. Rd1 Kg8 31. Rb7 Rxb2 32. Na4 1-0

[Event "San Agustin op 12th"]
[Site "Aviles"]
[Date "2007.??.??"]
[Round "8"]
[White "Arregui Untoria, Carlos"]
[Black "Ignacz, Maria"]
[Result "0-1"]
[WhiteElo "1939"]
[BlackElo "2242"]
[PlyCount "56"]
[EventDate "2007.08.04"]
[EventType "swiss"]
[EventRounds "9"]
[EventCountry "ESP"]
[SourceTitle "CBM 119 Extra"]
[Source "ChessBase"]
[SourceDate "2007.09.04"]
[SourceVersion "1"]
[SourceVersionDate "2007.09.04"]
[SourceQuality "1"]

1. e4 c5 2. Nf3 a6 3. d4 cxd4 4. Nxd4 Nf6 5. Nc3 e5 6. Nb3 Bb4 7. Bd3 d5 8. exd5 e4 9. Be2 Nxd5 10. Bd2 Nxc3 11. Bxc3 Bxc3+ 12. bxc3 Qc7 13. Qd4 0-0 14. 0-0 Re8 15. f3 Nc6 16. Qf2 e3 17. Qh4 Bf5 18. Bd3 Bxd3 19. cxd3 Ne5 20. Qe4 Qxc3 21. Qxe3 Nxd3 22. Rac1 Qxc1 23. Qxc1 Nxc1 24. Rxc1 Re2 25. Rc7 Rxa2 26. Rxb7 Rb2 27. Na5 Rxb7 28. Nxb7 a5 0-1